Stratégie poľnohospodárskych podnikov SR v podmienkach LFA po vstupe do Európskej únie

Poľnohospodárska výroba v horších výrobných podmienkach (LFA) v SR plní okrem výrobných aj mimovýrobné ciele, ako sú udržovanie prírody a životného prostredia tak, aby slúžili celej spoločnosti, stabilizácia osídlenia a poskytovanie pracovných príležitostí. Tieto ciele možno dosiahnuť v podmienkach...

Descripción completa

Guardado en:
Detalles Bibliográficos
Autor principal: Grznár, Miroslav
Otros Autores: Szabo, Ľuboslav
Formato: Capítulo de libro
Lenguaje:eslovaco
Materias:
Etiquetas: Agregar Etiqueta
Sin Etiquetas, Sea el primero en etiquetar este registro!

MARC

LEADER 00000nla$a2200000$$$4500
001 0079404
005 20240502071915.6
041 0 |a slo 
044 |a SK 
245 1 0 |a Stratégie poľnohospodárskych podnikov SR v podmienkach LFA po vstupe do Európskej únie  |c Miroslav Grznár, Ľuboslav Szabo 
520 |a Poľnohospodárska výroba v horších výrobných podmienkach (LFA) v SR plní okrem výrobných aj mimovýrobné ciele, ako sú udržovanie prírody a životného prostredia tak, aby slúžili celej spoločnosti, stabilizácia osídlenia a poskytovanie pracovných príležitostí. Tieto ciele možno dosiahnuť v podmienkach udržateľných výrobných systémov poľnohospodárstva. Analýza hospodárenia podnikov v marginálnych podmienkach, ktoré realizujú princípy a ciele hospodárenia v podmienkach LFA. Manažéri v značnej časti podnikov nerešpektujú odporúčania teórie a usilujú o intenzívnu výrobnú činnosť aj v týchto horších podmienkach. 
610 2 0 |a podnik poľnohospodársky 
610 2 0 |a regióny 
610 2 0 |a analýza ekonomická 
610 2 0 |a hospodárenie podnikové 
610 2 0 |a štruktúra výroby 
610 2 0 |a výsledok hospodársky 
610 2 0 |a efektívnosť 
610 2 0 |a rozvoj trvalo udržateľný 
100 1 |a Grznár, Miroslav 
700 1 |a Szabo, Ľuboslav